00989nam a2200229 4500003000900000020001300009040002800022082001700050110003600067245010100103260007300204300002700277650005700304650004500361650005500406650005800461700004200519700004400561942001300605999001700618952012400635CO-ViMGA a16923537 aCO-ViMGAbspacCO-ViMGA04a22064bU64s  aUniversidad de Salamanca.9643010aStvdia colombiana:bRevista número I /cUniversidad de salamanca. Centro cultural en Bogotá. aColombia:bImprenta Patriótica del Instituto Caro y cuervo,c2002. a142 p. :bil. ; 33 cm.14aBogotá ( Colombia) - Publicaciones seriadas.9643314aColombia - Publicaciones seriadas.9643414aCultura - Colombia - Publicaciones seriadas.9643114aLiteratura Colombiana - Publicaciones seriadas.964321 aCarbonell, José Antonio,eed.964351 aSánchez López, Virginia,edr.96436 2ddccREF c37523d37523 01102ddc44708002aMEVIECARbMEVIECARd2016-09-30l0o22064 U64sp30851r2016-09-30 00:00:00tEj. 1w2016-09-30yREF